Principles Of Banking Management (Record no. 22126)

MARC details
000 -LEADER
fixed length control field 01102nam a22003857a 4500
003 - CONTROL NUMBER IDENTIFIER
control field IBSLLIB
005 - DATE AND TIME OF LATEST TRANSACTION
control field 20260513085503.0
008 - FIXED-LENGTH DATA ELEMENTS--GENERAL INFORMATION
fixed length control field 260513b |||||||| |||| 00| 0 eng d
020 ## - INTERNATIONAL STANDARD BOOK NUMBER
International Standard Book Number 9788174468277
040 ## - CATALOGING SOURCE
Original cataloging agency IBSLLIB
Language of cataloging English
041 ## - LANGUAGE CODE
Language code of original Eng
082 ## - DEWEY DECIMAL CLASSIFICATION NUMBER
Classification number 332.1
Item number GUL
100 ## - MAIN ENTRY--PERSONAL NAME
Personal name Gulati , Neelam C.
245 ## - TITLE STATEMENT
Title Principles Of Banking Management
260 ## - PUBLICATION, DISTRIBUTION, ETC. (IMPRINT)
Place of publication, distribution, etc. Delhi :
Name of publisher, distributor, etc. Excel Books ,
Date of publication, distribution, etc. 2010
300 ## - PHYSICAL DESCRIPTION
Extent 404 p ;
Dimensions 25 cm
505 ## - FORMATTED CONTENTS NOTE
Formatted contents note Introduction to Banking
505 ## - FORMATTED CONTENTS NOTE
Formatted contents note Structure of Indian banking system
505 ## - FORMATTED CONTENTS NOTE
Formatted contents note The reserve bank of India
505 ## - FORMATTED CONTENTS NOTE
Formatted contents note Banking sector and organisation of banks
505 ## - FORMATTED CONTENTS NOTE
Formatted contents note Electronic banking
505 ## - FORMATTED CONTENTS NOTE
Formatted contents note Bank loans
505 ## - FORMATTED CONTENTS NOTE
Formatted contents note priority sector lending
505 ## - FORMATTED CONTENTS NOTE
Formatted contents note Annual report and balance sheet of a bank
505 ## - FORMATTED CONTENTS NOTE
Formatted contents note Project and working capital finance
505 ## - FORMATTED CONTENTS NOTE
Formatted contents note Banking legislation
505 ## - FORMATTED CONTENTS NOTE
Formatted contents note Banking product
505 ## - FORMATTED CONTENTS NOTE
Formatted contents note Bank Marketing
650 ## - SUBJECT ADDED ENTRY--TOPICAL TERM
Topical term or geographic name as entry element Social science
650 ## - SUBJECT ADDED ENTRY--TOPICAL TERM
Topical term or geographic name as entry element Economics
653 ## - INDEX TERM--UNCONTROLLED
Uncontrolled term Marketing
653 ## - INDEX TERM--UNCONTROLLED
Uncontrolled term Bank loans
653 ## - INDEX TERM--UNCONTROLLED
Uncontrolled term Financing
942 ## - ADDED ENTRY ELEMENTS (KOHA)
Koha item type Lending Book
Holdings
Withdrawn status Lost status Damaged status Not for loan Collection code Permanent Location Current Location Shelving location Date acquired Source of acquisition Inventory number Full call number Barcode Koha item type
        Lending Collection IBSL Library IBSL Library Lending Section 30/04/2026 Donation 10862 332.1 GUL 10862 Lending Book
Copyright © 2024 IBSL Library, All rights reserved.
mail to: library@ibsl.lk | Contact: 0112425735 | Library Address: IBSL Library, 80A, Elvitigala Mawatha, Colombo 008